<?xml version="1.0" encoding="UTF-8"?>
<record
    xmlns:xsi="http://www.w3.org/2001/XMLSchema-instance"
    xsi:schemaLocation="http://www.loc.gov/MARC21/slim http://www.loc.gov/standards/marcxml/schema/MARC21slim.xsd"
    xmlns="http://www.loc.gov/MARC21/slim">

  <leader>00804nam a22002297a 4500</leader>
  <controlfield tag="003">OSt</controlfield>
  <controlfield tag="005">20171220180749.0</controlfield>
  <controlfield tag="008">171220e2017    spca||||||||| 000 0dspa|d</controlfield>
  <datafield tag="020" ind1=" " ind2=" ">
    <subfield code="a">9788469750919</subfield>
  </datafield>
  <datafield tag="040" ind1=" " ind2=" ">
    <subfield code="a">ES-BaUAB</subfield>
    <subfield code="b">cat</subfield>
    <subfield code="c">CDMR</subfield>
  </datafield>
  <datafield tag="100" ind1="1" ind2=" ">
    <subfield code="a">G. Prieto, M&#xF3;nica,</subfield>
    <subfield code="d">1974-</subfield>
  </datafield>
  <datafield tag="245" ind1="1" ind2="0">
    <subfield code="a">Contarlo para no olvidar </subfield>
    <subfield code="b">: conversaci&#xF3;n entre M&#xF3;nica G. Prieto y Maruja Torres ; ilustraciones de Cinta Fosch</subfield>
  </datafield>
  <datafield tag="260" ind1=" " ind2=" ">
    <subfield code="a">[Barcelona] :</subfield>
    <subfield code="b">Voces 5W,</subfield>
    <subfield code="c">2017</subfield>
  </datafield>
  <datafield tag="300" ind1=" " ind2=" ">
    <subfield code="a">142 p&#xE0;gines :</subfield>
    <subfield code="b">il&#xB7;lustracions ;</subfield>
    <subfield code="c">16 cm</subfield>
  </datafield>
  <datafield tag="600" ind1="1" ind2="4">
    <subfield code="a">G. Prieto, M&#xF3;nica,</subfield>
    <subfield code="d">1974-</subfield>
  </datafield>
  <datafield tag="600" ind1="1" ind2="0">
    <subfield code="a">Torres, Maruja</subfield>
    <subfield code="d">1943-</subfield>
    <subfield code="9">2987</subfield>
  </datafield>
  <datafield tag="650" ind1=" " ind2="0">
    <subfield code="a">Dones en el periodisme</subfield>
    <subfield code="9">4233</subfield>
  </datafield>
  <datafield tag="650" ind1=" " ind2="0">
    <subfield code="a">Dones periodistes</subfield>
    <subfield code="9">2913</subfield>
    <subfield code="z">Espanya</subfield>
  </datafield>
  <datafield tag="650" ind1="0" ind2="0">
    <subfield code="a">Corresponsals estrangers</subfield>
    <subfield code="9">2802</subfield>
    <subfield code="z">Pa&#xEF;sos &#xE0;rabs</subfield>
  </datafield>
  <datafield tag="700" ind1="1" ind2=" ">
    <subfield code="a">Torres, Maruja,</subfield>
    <subfield code="d">1943-</subfield>
    <subfield code="e">autor</subfield>
  </datafield>
  <datafield tag="942" ind1=" " ind2=" ">
    <subfield code="c">MON</subfield>
  </datafield>
  <datafield tag="999" ind1=" " ind2=" ">
    <subfield code="c">7097</subfield>
    <subfield code="d">7097</subfield>
  </datafield>
  <datafield tag="952" ind1=" " ind2=" ">
    <subfield code="0">0</subfield>
    <subfield code="1">0</subfield>
    <subfield code="4">0</subfield>
    <subfield code="7">0</subfield>
    <subfield code="a">CDMR</subfield>
    <subfield code="b">CDMR</subfield>
    <subfield code="d">2017-12-20</subfield>
    <subfield code="e">Intercanvi</subfield>
    <subfield code="g">12.00</subfield>
    <subfield code="l">12</subfield>
    <subfield code="m">8</subfield>
    <subfield code="o">Da 1/21</subfield>
    <subfield code="p">CDMR17120006</subfield>
    <subfield code="r">2022-02-10</subfield>
    <subfield code="s">2022-01-15</subfield>
    <subfield code="v">12.00</subfield>
    <subfield code="w">2017-12-20</subfield>
    <subfield code="y">MON</subfield>
  </datafield>
</record>
